La cuestión religiosa en México o sea vida de Benito Juárez /

Biografía crítica de Benito Juárez (1806-1872) que propone estudiar la actuación política y trazar la fisonomía moral del político oaxaqueño, al que califica como el mayor enemigo que tuvieron la iglesia y la patria en México. Esta segunda edición de la obra aparece acompañada del texto "La cuestión...

Πλήρης περιγραφή

Αποθηκεύτηκε σε:
Λεπτομέρειες βιβλιογραφικής εγγραφής
Κύριος συγγραφέας: Planchet, Regis (autor)
Άλλοι συγγραφείς: González Flores, Anacleto (autor) (autor)
Μορφή: Βιβλίο
Γλώσσα:Ισπανικά
Έκδοση:2a edición
Σειρά:(Estudios Históricos ; 1)
Θέματα:
Ετικέτες: Προσθήκη ετικέτας
Δεν υπάρχουν, Καταχωρήστε ετικέτα πρώτοι!

MARC

LEADER 00000nam^a2200000^a^4500
001 000104118
005 20250521000000.0
009 20260310093414.171
037 |a Acervo ITESO - Biblioteca 
041 |a ESP 
082 |a 972. 0511  |b PLA 
100 |a Planchet, Regis  |e (autor) 
240 1 1 |a [Vida de Benito Juárez] 
245 1 3 |a La cuestión religiosa en México o sea vida de Benito Juárez /  |c R. Planchet. 
250 |a 2a edición 
264 |a Guadalajara, México :  |b Asociación Católica de la Juventud Mexicana, Unión Regional de Jalisco,  |c 1920 
300 |a 470 p. 
336 |a texto  |b txt  |2 rdacontenido 
337 |a sin mediación  |b n  |2 rdamedio 
338 |a volumen  |b nc  |2 rdasoporte 
440 1 |a (Estudios Históricos ;  |v 1) 
520 |a Biografía crítica de Benito Juárez (1806-1872) que propone estudiar la actuación política y trazar la fisonomía moral del político oaxaqueño, al que califica como el mayor enemigo que tuvieron la iglesia y la patria en México. Esta segunda edición de la obra aparece acompañada del texto "La cuestión religiosa en Jalisco", relativo a las viscicitudes de la iglesia católica y sus feligreses jaliscienses en el contexto revolucionario y de la promulgación de la Constitución de 1917. 
649 |a XX 
650 |a Jefes de Estado Mexicanos -  |x Biografías 
650 |a Políticos Mexicanos -  |x Biografías 
650 |a Iglesia Católica en Jalisco -  |x Historia 
650 |a Iglesia Católica en México -  |x Historia 
650 |a Iglesia Católica en Jalisco -  |x Condiciones Jurídicas 
650 |a Iglesia Católica en México -  |x Condiciones Jurídicas 
650 |a Iglesia y Estado -  |z Jalisco -  |x Historia 
650 |a Iglesia y Estado -  |z México -  |x Historia 
650 |a Constitución, 1857 -  |z México -  |x Historia 
650 |a Constitución, 1917 -  |z México -  |x Historia 
650 |a Política -  |z Jalisco -  |x Historia 
650 |a Política -  |z México -  |x Historia 
650 |a Jalisco -  |x Historia -  |y Revolución, 1910-1917 
650 |a Jalisco -  |x Historia -  |y Revolución Carrancista y Constitucionalista, 1913-1917 
650 |a Jalisco -  |x Historia -  |y Siglo XX 
650 |a México -  |x Historia -  |y Constitución y Reforma, 1855-1863 
650 |a México -  |x Historia -  |y Intervención y Segundo Imperio, 1861-1867 
650 |a México -  |x Historia -  |y 1867-1872 
650 |a México -  |x Historia -  |y República Liberal, 1867-1911 
650 |a México -  |x Historia -  |y Siglo XIX 
650 |a México -  |x Historia -  |y Revolución, 1910-1917 
650 |a México -  |x Historia -  |y Revolución Carrancista y Constitucionalista, 1913-1917 
650 |a México -  |x Historia -  |y Siglo XX 
650 |a Juárez, Benito 
740 3 |a La cuestión religiosa en Jalisco :  |b breve estudio filosófico-histórico de la persecución de los católicos en Jalisco /  |c A. González Flores. 
700 |a González Flores, Anacleto  |e (autor) 
910 |a Fondo Jesús Rodríguez 
920 |a Impresos - Libros 
930 |a Fondos Especiales 
905 |a 113 
901 |a 0500040173  |b IT2  |c ESP  |u 20250521 
902 |a https://opac.biblio.iteso.mx/vufind/Record/000104118